| 000 | 00965nam a2200253 a 4500 | ||
|---|---|---|---|
| 001 | 000022976 | ||
| 005 | 20200930021916.0 | ||
| 008 | 101123s1988 mx r 000 e spa d | ||
| 020 | _a9682302544 | ||
| 040 |
_aDO-SdBNP _bspa _cBNPHU |
||
| 041 | 1 | 7 |
_aspa _hpor _2Código de idiomas MARC |
| 082 |
_a338.9 _bF992t, 1988 |
||
| 100 | 1 |
_aFurtado, Celso, _947241 |
|
| 240 | 1 | 0 |
_aO mito do desenvolvimiento económico. _lEspañol. |
| 245 | 1 | 3 |
_aEl desarrollo económico : _bun mito / _cCelso Furtado ; traducción de Stella Mastrangelo. |
| 250 | _a9a ed. | ||
| 260 |
_aMéxico : _bSiglo ventiuno, _c1988. |
||
| 300 |
_a141 p. ; _c18 cm. |
||
| 504 | _aIncluye referencias bibliográficas y notas al pie de las páginas. | ||
| 534 |
_pTítulo original en portugués: _tO mito do desenvolvimiento económico. _cRío de Janeiro, Brasil : Paz y terra, 1974 |
||
| 650 | 4 |
_aDesarrollo económico _zBrasil _947248 |
|
| 700 | 1 |
_aMastrangelo, Stella, _etr. _947249 |
|
| 049 | _aBNGR | ||
| 999 |
_c22473 _d22473 |
||